000 00746nam a2200205 i 4500
001 152597
003 ES-MaACL
005 20230906204817.0
008 051014s1877 gw | |||||||| ||eng d
040 _aCAM
_bspa
_cCAM
080 _a821.111-31"18"
100 1 _aBraddon, M. E. (
_d1837-1915)
_9126141
245 1 0 _aJoshua Haggard's daugther
_b: a novel: in two volumes /
_cby M.E. Braddon.
260 _aLeipzig :
_bBernhard Tauchnitz,
_c1877.
300 _a2 v. (319; 304 p.) ;
_c17 cm.
490 1 _aCollection of British Authors ;
_v1635; 1636
830 0 _aCollection of British Authors ;
_v1635; 1636
_9180703
852 _aES-MaACL
_jG-11380
_z-- Enc. hol., conservando la enc. original
_z-- Enc. 2 t. en 1 v.
999 _c152597
_d152597